|
|
|
|
| LEADER |
03219nam a2200493 4500 |
| 001 |
978-981-15-0346-7 |
| 003 |
DE-He213 |
| 005 |
20191022101608.0 |
| 007 |
cr nn 008mamaa |
| 008 |
191019s2019 si | s |||| 0|eng d |
| 020 |
|
|
|a 9789811503467
|9 978-981-15-0346-7
|
| 024 |
7 |
|
|a 10.1007/978-981-15-0346-7
|2 doi
|
| 040 |
|
|
|d GrThAP
|
| 050 |
|
4 |
|a BJ1-1725
|
| 072 |
|
7 |
|a HPQ
|2 bicssc
|
| 072 |
|
7 |
|a PHI005000
|2 bisacsh
|
| 072 |
|
7 |
|a QDTQ
|2 thema
|
| 082 |
0 |
4 |
|a 170
|2 23
|
| 100 |
1 |
|
|a Gopichandran, Vijayaprasad.
|e author.
|4 aut
|4 http://id.loc.gov/vocabulary/relators/aut
|
| 245 |
1 |
0 |
|a Dynamics of Trust in Doctor-Patient Relationship in India
|h [electronic resource] :
|b A Clinical, Social and Ethical Analysis /
|c by Vijayaprasad Gopichandran.
|
| 250 |
|
|
|a 1st ed. 2019.
|
| 264 |
|
1 |
|a Singapore :
|b Springer Singapore :
|b Imprint: Springer,
|c 2019.
|
| 300 |
|
|
|a XIII, 102 p.
|b online resource.
|
| 336 |
|
|
|a text
|b txt
|2 rdacontent
|
| 337 |
|
|
|a computer
|b c
|2 rdamedia
|
| 338 |
|
|
|a online resource
|b cr
|2 rdacarrier
|
| 347 |
|
|
|a text file
|b PDF
|2 rda
|
| 490 |
1 |
|
|a SpringerBriefs in Ethics,
|x 2211-8101
|
| 505 |
0 |
|
|a Introduction -- Community based exploratory research on trust in physicians -- Meaning of trust in physicians in developing health care settings -- What influences patients' trust in physicians? -- How to measure trust in physicians? -- Perceptions of health care providers on trust in physicians -- Trust, trustworthiness and the physician-patient relationship in developing health care settings -- Trust in physicians as a quality improvement measure -- Building trust through building trustworthiness -- Conclusion.
|
| 520 |
|
|
|a This book offers an easy-to-read, yet comprehensive introduction to practical issues in doctor-patient relationships in a typical low- and middle-income country setting in India, examining in detail the reasons for erosion of trust and providing guidance on potential research areas in the field. It strikes a balance between empirical work and theoretical normative analysis, while adopting mixed-method research in exploring important constructs in the doctor-patient relationship, such as trust, solidarity, advocacy, patient-centeredness, privacy, and confidentiality. Since the concept of trust has direct implications for the ethical practice of medicine, the book is a valuable resource for academics and researchers in the field of medical, clinical, and applied ethics.
|
| 650 |
|
0 |
|a Ethics.
|
| 650 |
|
0 |
|a Medical ethics.
|
| 650 |
|
0 |
|a Health psychology.
|
| 650 |
1 |
4 |
|a Ethics.
|0 http://scigraph.springernature.com/things/product-market-codes/E14000
|
| 650 |
2 |
4 |
|a Theory of Medicine/Bioethics.
|0 http://scigraph.springernature.com/things/product-market-codes/H66000
|
| 650 |
2 |
4 |
|a Health Psychology.
|0 http://scigraph.springernature.com/things/product-market-codes/Y12020
|
| 710 |
2 |
|
|a SpringerLink (Online service)
|
| 773 |
0 |
|
|t Springer eBooks
|
| 776 |
0 |
8 |
|i Printed edition:
|z 9789811503450
|
| 776 |
0 |
8 |
|i Printed edition:
|z 9789811503474
|
| 830 |
|
0 |
|a SpringerBriefs in Ethics,
|x 2211-8101
|
| 856 |
4 |
0 |
|u https://doi.org/10.1007/978-981-15-0346-7
|z Full Text via HEAL-Link
|
| 912 |
|
|
|a ZDB-2-REP
|
| 950 |
|
|
|a Religion and Philosophy (Springer-41175)
|